Anglicanism, missions, and empire: the eighteenth and nineteenth centuries

"In Anglicanism, Empire and Missions Rowan Strong offers fresh insights into Christian missions, illuminating both large-scale movements and smaller, local initiatives. Tracing the origins of Anglican missions back to the foundation of the Society for the Propagation of the Gospel in Foreign Pa...

Full description

Saved in:  
Bibliographic Details
Main Author: Strong, Rowan (Author)
Format: Print Book
Language:English
Subito Delivery Service: Order now.
Check availability: HBZ Gateway
Interlibrary Loan:Interlibrary Loan for the Fachinformationsdienste (Specialized Information Services in Germany)
Published: Leiden Boston Brill [2025]
In: Anglican-Episcopal theology and history (volume 16)
Year: 2025
Series/Journal:Anglican-Episcopal theology and history volume 16
Standardized Subjects / Keyword chains:B Great Britain / Anglican Church / Church of England / Colony / Mission (international law / History 1701-1900
B Commonwealth / Missionary society / Anglican Church / History 1700-1900
Further subjects:B Anglican Communion Missions History 18th century
B Great Britain Colonies History 18th century
B Anglican Communion Missions History 19th century
B Great Britain Colonies History 19th century
Online Access: Table of Contents
Blurb
Literaturverzeichnis

MARC

LEADER 00000cam a2200000 c 4500
001 1931644888
003 DE-627
005 20260317230339.0
007 tu
008 250723s2025 ne ||||| 00| ||eng c
010 |a  2025028593 
020 |a 9789004727472  |q paperback  |9 978-90-04-72747-2 
035 |a (DE-627)1931644888 
035 |a (DE-599)KXP1931644888 
040 |a DE-627  |b ger  |c DE-627  |e rda 
041 |a eng 
044 |c XA-NL  |c XD-US 
050 0 |a BV2500 
084 |a 1  |a 0  |2 ssgn 
084 |a BO 1890  |q DE-24/26sred  |2 rvk  |0 (DE-625)rvk/14052: 
100 1 |e VerfasserIn  |0 (DE-588)174012241  |0 (DE-627)698910419  |0 (DE-576)134848586  |4 aut  |a Strong, Rowan 
109 |a Strong, Rowan 
245 1 0 |a Anglicanism, missions, and empire  |b the eighteenth and nineteenth centuries  |c by Rowan Strong 
264 1 |a Leiden  |a Boston  |b Brill  |c [2025] 
264 4 |c © 2025 
300 |a VIII, 297 Seiten 
336 |a Text  |b txt  |2 rdacontent 
337 |a ohne Hilfsmittel zu benutzen  |b n  |2 rdamedia 
338 |a Band  |b nc  |2 rdacarrier 
490 1 |a Anglican-Episcopal theology and history  |v volume 16 
520 |a "In Anglicanism, Empire and Missions Rowan Strong offers fresh insights into Christian missions, illuminating both large-scale movements and smaller, local initiatives. Tracing the origins of Anglican missions back to the foundation of the Society for the Propagation of the Gospel in Foreign Parts in 1701, the work explores their evolution-from a transatlantic context in the eighteenth century to a truly global presence within the expanding British Empire of the nineteenth century. Contemporary Anglophone mission historiography has often overlooked Anglican missionary endeavors during this period, instead privileging the activism of Evangelical missions. This volume redresses the balance, revealing the far-reaching influence of Anglican mission leaders and societies and restoring their rightful place in the broader history of Christian missions"-- Provided by publisher 
583 1 |a Archivierung/Langzeitarchivierung gewährleistet  |f FID  |x XA-DE-BW  |2 pdager  |5 DE-21 
650 0 |a Anglican Communion  |x Missions  |x History  |y 18th century  |2 DLC 
650 0 |a Anglican Communion  |x Missions  |x History  |y 19th century  |2 DLC 
651 0 |a Great Britain  |x Colonies  |x History  |y 18th century  |0 http://id.loc.gov/authorities/subjects/sh2007100238  |2 DLC 
651 0 |a Great Britain  |x Colonies  |x History  |y 19th century  |0 http://id.loc.gov/authorities/subjects/sh2007100239  |2 DLC 
689 0 0 |d g  |0 (DE-588)4022153-2  |0 (DE-627)104665513  |0 (DE-576)208942076  |2 gnd  |a Großbritannien 
689 0 1 |d s  |0 (DE-588)4009279-3  |0 (DE-627)104571934  |0 (DE-576)208881565  |2 gnd  |a Anglikanische Kirche 
689 0 2 |d b  |0 (DE-588)1000922-X  |0 (DE-627)102955921  |0 (DE-576)191137111  |2 gnd  |a Church of England 
689 0 3 |d s  |0 (DE-588)4031790-0  |0 (DE-627)104589663  |0 (DE-576)208994262  |2 gnd  |a Kolonie 
689 0 4 |d s  |0 (DE-588)4039567-4  |0 (DE-627)106227602  |0 (DE-576)20903551X  |2 gnd  |a Mission 
689 0 5 |q z  |2 gnd  |a Geschichte 1701-1900 
689 0 |5 (DE-627) 
689 1 0 |d b  |0 (DE-588)4010437-0  |0 (DE-627)106357867  |0 (DE-576)208888047  |2 gnd  |a Commonwealth 
689 1 1 |d s  |0 (DE-588)4170147-1  |0 (DE-627)105404578  |0 (DE-576)209927917  |2 gnd  |a Missionsgesellschaft 
689 1 2 |d s  |0 (DE-588)4009279-3  |0 (DE-627)104571934  |0 (DE-576)208881565  |2 gnd  |a Anglikanische Kirche 
689 1 3 |q z  |2 gnd  |a Geschichte 1700-1900 
689 1 |5 (DE-627) 
776 1 |o 10.1163/9789004727496 
776 1 |z 9789004727496  |c ebook 
776 0 8 |i Erscheint auch als  |n Online-Ausgabe  |a Strong, Rowan  |t Anglicanism, missions and empire  |d Leiden : Brill, [2025]  |z 9789004727496  |w (DLC)2025028594 
830 0 |a Anglican-Episcopal theology and history  |v volume 16  |9 16  |w (DE-627)1565310640  |w (DE-576)495310646  |x 2405-7576  |7 am 
856 4 2 |u https://swbplus.bsz-bw.de/bsz1931644888inh.htm  |m V:DE-576  |m B:DE-21  |v 20260109200135  |3 Inhaltsverzeichnis  |7 1 
856 4 2 |u https://swbplus.bsz-bw.de/bsz1931644888kla.htm  |m V:DE-576  |m B:DE-21  |v 20260109200135  |3 Klappentext  |7 1 
856 4 2 |u https://swbplus.bsz-bw.de/bsz1931644888ref.htm  |m V:DE-576  |m B:DE-21  |v 20260117200126  |3 Literaturverzeichnis  |7 1 
936 r v |a BO 1890  |b Einzelthemen  |k Theologie und Religionswissenschaften  |k Patrologie und Kirchengeschichte  |k Kirchengeschichte nach Sachgebieten  |k Missionsgeschichte  |k Darstellungen:  |k Einzelthemen  |0 (DE-627)1270744216  |0 (DE-625)rvk/14052:  |0 (DE-576)200744216 
951 |a BO 
ELC |b 1 
ITA |a 1  |t 1 
LOK |0 000 xxxxxcx a22 zn 4500 
LOK |0 001 4792114845 
LOK |0 003 DE-627 
LOK |0 004 1931644888 
LOK |0 005 20260108092012 
LOK |0 008 251028||||||||||||||||ger||||||| 
LOK |0 040   |a DE-21  |c DE-627  |d DE-21 
LOK |0 852   |a DE-21 
LOK |0 852 1  |c 66 A 20  |9 00 
LOK |0 935   |a theo 
LOK |0 938   |a 2601  |f 2 
LOK |0 939   |a 2025-10-28  |b l01 
ORI |a TA-MARC-ixtheoa001.raw 
REL |a 1 
STA 0 0 |a Anglican Church,Anglican Church,Colony,Great Britain,United Kingdom,Mission (international law,Mission,Mission,Christianity,World mission,Missionary society 
STB 0 0 |a Church of England,Colonie,Mission,Mission,Mission,Société missionnaire,Église anglicane,Église anglicane 
STC 0 0 |a Colonia,Iglesia Anglicana,Iglesia Anglicana,Misión,Misión,Misión,Sociedad misionera 
STD 0 0 |a Chiesa anglicana,Chiesa anglicana,Colonia,Missione,Missione,Missione,Società missionaria 
STE 0 0 |a 圣公会,宣教,宣教,传教,宣教使命,传教,宣教使命,差会,殖民地 
STF 0 0 |a 宣教,宣教,傳教,宣教使命,傳教,宣教使命,差會,殖民地,聖公會 
STG 0 0 |a Colônia,Igreja Anglicana,Igreja Anglicana,Missão,Missão,Missão,Sociedade missionária 
STH 0 0 |a Англиканская церковь (мотив),Англиканская церковь,Колония,Миссионерское общество,Миссия (международное право),Миссия (мотив),Миссия 
STI 0 0 |a Αγγλικανική Εκκλησία (μοτίβο),Αγγλικανική Εκκλησία,Αποικία,Αποστολή (Διεθνές δίκαιο),Ιεραποστολή (μοτίβο),Ιεραποστολή,Ιεραποστολική κοινότητα 
SUB |a REL 
SYE 0 0 |a Anglikanische Kirchengemeinschaft,Communion anglicane,Communione anglicana , Anglikanische Kirchengemeinschaft,Communion anglicane,Communione anglicana 
SYG 0 0 |a United Kingdom,Great Britain,UK (United Kingdom),Vereinigtes Königreich , Vereinigtes Königreich von Großbritannien und Nordirland,Großbritannien und Nordirland,England,UK,Angleterre,Brīṭāniyā al-ʿUẓmā,Brīṭāniya 'l-ʿUẓmā,Vereinigtes Königreich Großbritannien und Nordirland,United Kingdom,United Kingdom of Great Britain and Northern Ireland,Great Britain,Grande Bretagne,British Isles,United Kingdom of Great Britain and Ireland,Royaume-Uni,Gran Bretagna,UK,U.K.,GB,England,Grande-Bretagne,Grossbritannien,British Empire,Britisches Reich , Anglican Church,Anglikanische Kirche,Kirche von England,Eglise anglicane,Chiesa anglicana,Ecclesia anglicana , Kolonialgebiet,Schutzgebiet,Kolonialreich , Diplomatische Mission,Christentum,Christliche Mission,Heidenmission,Weltmission,Missionierung , Commonwealth of Nations,British Commonwealth of Nations,Britisches Reich,Britisches Reich und Commonwealth,British Empire,British Empire and Commonwealth,Empire britannique,The Commonwealth , Missionswerk,Missionsverein 
TIM |a 100017010101_100019001231  |b Geschichte 1701-1900